000 00224nam a2200097Ia 4500
008 201217s9999 xx 000 0 und d
100 _aPackard, William V.
245 0 _aSea - Trading : Cargoes
490 _vVol. 1
942 _cBK
999 _c7020
_d7020